000
00288nam a22001337a 4500
008
170225b xxu||||| |||| 00| 0 eng d
020
_a
0070557241
041
_a
eng
080
_2
2ND
_a
617
100
_a
5
101
_a
SHK
245
_a
PRINCIPLES OF SURGERY
_c
SCHWARTZ
942
_2
udc
_c
BK
999
_c
6248
_d
6248